000 00630nam a2200253Ia 4500
003 OSt
005 20221007105156.0
006 a|||||r|||| 00| 0
007 ta
008 221006b |||||||| |||| 00| 0 eng d
024 _a17,847
037 _cTextual
040 _aLCO
_cLCO
_beng
041 _2eng
_aeng
082 _aZ2,924, M3
100 _aBasu D.D
245 0 _aEquity, Trusts, Specific Relief
250 _a5th
260 _aNew
_bDelhi Prentic Hall of India India
_c1983
300 _a336
650 _aEQUITY
_9684876
942 _hZ2,924, M3
_cTEXL
999 _c1187410
_d1187410